Materská škola pre všetky deti, Bratislava
Saved in:
| Main Author: | |
|---|---|
| Other Authors: | |
| Format: | Manuscript Book |
| Language: | Slovak |
| Published: |
2025
|
| Subjects: | |
| Online Access: | http://is.stuba.sk/zp/portal_zp.pl?podrobnosti=172689 CRZP |
| Tags: |
No Tags, Be the first to tag this record!
|
MARC
| LEADER | 00000ntm a22000003a 4500 | ||
|---|---|---|---|
| 001 | stuzp106072 | ||
| 003 | SK-STU | ||
| 005 | 20250729150855.5 | ||
| 007 | ta | ||
| 008 | 150427s2015----xo-----f-mn---000-0-slo-d | ||
| 040 | |a STU |b slo | ||
| 041 | 0 | |a slo | |
| 100 | 1 | |a Slačka, Adam |u 010310 |4 aut |U SvF Stavebná fakulta |T SvF Katedra architektúry |X 117684 |U V181|V310 |Y 19 |7 117684 | |
| 242 | 0 | 1 | |a Kindergarten for all children, Bratislava |y eng |
| 245 | 1 | 0 | |a Materská škola pre všetky deti, Bratislava |
| 260 | |c 2025 | ||
| 650 | 4 | |a materská škola |2 slo | |
| 650 | 4 | |a vzdelávanie |2 slo | |
| 650 | 4 | |a Petržalka |2 slo | |
| 650 | 4 | |a kindergarten |2 eng | |
| 650 | 4 | |a education |2 eng | |
| 650 | 4 | |a Petržalka |2 eng | |
| 700 | 1 | |a Kuráň, Jozef |u 010310 |k Z8 |4 ths |U SvF Stavebná fakulta |T SvF Katedra architektúry |X 710 |U V181|V310 |Y 19 |7 A000000710 | |
| 856 | 4 | |u http://is.stuba.sk/zp/portal_zp.pl?podrobnosti=172689 | |
| 856 | 4 | |u https://opac.crzp.sk/?fn=detailBiblioForm&sid=C9A1C75A261DD259FD83431E26A3 |z CRZP | |